| 000 | 00000nam 2200000za 4500 |
| 001 | 9.840312 |
| 003 | CaOODSP |
| 005 | 20221107151818 |
| 007 | cr ||||||||||| |
| 008 | 170725s2016 onc |o f|0| 0 fre d |
| 040 | |aCaOODSP|bfre |
| 043 | |an-cn--- |
| 086 | 1 |aT86-33/2016F-PDF |
| 245 | 00|aTransport des marchandises dangereuses - notions élémentaires |h[ressource électronique]. |
| 260 | |a[Ottawa] : |bTransports Canada, |c2016. |
| 300 | |a[4] p. |
| 500 | |aPubl. aussi en anglais sous le titre : Transportation of dangerous goods - a primer. |
| 500 | |aTitre de départ. |
| 500 | |a« Avril 2016. » |
| 692 | 07|2gccst|aTransport des matières dangereuses |
| 710 | 1 |aCanada. |bTransports Canada. |
| 775 | 08|tTransportation of dangerous goods - a primer |w(CaOODSP)9.840311 |
| 856 | 40|qPDF|s336 Ko|uhttps://publications.gc.ca/collections/collection_2017/tc/T86-33-2016-fra.pdf |
| 986 | |aNo SGDDI 11733462 |